Phép tính tích phân
שמור ב:
| מחבר ראשי: | |
|---|---|
| פורמט: | ספר |
| שפה: | Undetermined |
| יצא לאור: |
Tp. HCM
ĐHQG
2000
|
| נושאים: | |
| תגים: |
הוספת תג
אין תגיות, היה/י הראשונ/ה לתייג את הרשומה!
|
| Thư viện lưu trữ: | Trung tâm Học liệu Trường Đại học Cần Thơ |
|---|
| LEADER | 00449nam a2200169Ia 4500 | ||
|---|---|---|---|
| 001 | CTU_47631 | ||
| 008 | 210402s9999 xx 000 0 und d | ||
| 082 | |a 515.4 | ||
| 082 | |b H523 | ||
| 100 | |a NGUYỄN BÍCH HUY | ||
| 245 | 0 | |a Phép tính tích phân | |
| 245 | 0 | |c NGUYỄN BÍCH HUY | |
| 260 | |a Tp. HCM | ||
| 260 | |b ĐHQG | ||
| 260 | |c 2000 | ||
| 650 | |a calculus, integral | ||
| 980 | |a Trung tâm Học liệu Trường Đại học Cần Thơ | ||